000 00253nam a22001217a 4500
008 170622b xxu||||| |||| 00| 0 eng d
041 _aeng
080 _a32
100 _a20
101 _aSHP
245 _aSEXUAL POLITICS
_cMILLET, K
942 _2udc
_cBK
999 _c18584
_d18584